Diseño estructural de un edificio de comercio de acero de dos plantas ubicado en residencial Altamira #3, Managua
El presente trabajo tiene como objetivo presentar el diseño estructural de un edificio de comercio de acero de dos plantas ubicado en residencial Altamira #3, Managua el diseño estructural de un edificio haciendo uso del reglamento nacional de la construcción RNC-07 y programa estructural SAP, ef...
| Main Author: | |
|---|---|
| Other Authors: | |
| Format: | Tesis Section = Libro |
| Language: | Undetermined Spanish |
| Published: |
Managua
UNI
2010
|
| Subjects: |
| LEADER | 01464nam a2200241Ia 4500 | ||
|---|---|---|---|
| 008 | 240830s9999 xx 000 0 und d | ||
| 040 | |a BIBLIOTECA-RUPAP T.Mon 624.1771 V727 | ||
| 041 | |a spa | ||
| 082 | |a T.Mon 624.1771 V727 | ||
| 100 | 1 | |a Villavicencio Camacho, Milton Alfonso | |
| 245 | 1 | 0 | |a Diseño estructural de un edificio de comercio de acero de dos plantas ubicado en residencial Altamira #3, Managua |
| 260 | |a Managua |b UNI |c 2010 | ||
| 300 | |a 141 p. :il. | ||
| 500 | |a Contiene: anexos. | ||
| 502 | |a Tesis (Ingeniero Civil)- UNI, 2010. | ||
| 520 | 3 | |a El presente trabajo tiene como objetivo presentar el diseño estructural de un edificio de comercio de acero de dos plantas ubicado en residencial Altamira #3, Managua el diseño estructural de un edificio haciendo uso del reglamento nacional de la construcción RNC-07 y programa estructural SAP, efectuando la distribución de la fuerza sísmica utilizando el método de análisis estático equivalente, diseñar la estructura de cimentación tomando en cuenta las consideraciones del diseño flexión y cortante y determinar los volúmenes de tierra a mover para la construcción de la terraza en la cual se cimentará el edificio. | |
| 650 | 7 | |a DISEÑO ESTRUCTURAL – EDIFICIO | |
| 650 | 7 | |b DISEÑO GEOMETRICO DE TERRAZAS | |
| 650 | 7 | |c ANALISIS Y DISEÑO DE ESTRUTURAS DE ACERO | |
| 700 | 1 | |a Tutor: |b Obregón Aguilar, Sergio | |
| 942 | |c BK |2 ddc | ||
| 991 | |a TESIS | ||
| 999 | |c 18150 | ||